The Leader's Vision / (Record no. 4378)

MARC details
000 -LEADER
fixed length control field 00527nam a22001937a 4500
003 - CONTROL NUMBER IDENTIFIER
control field GBCCL
005 - DATE AND TIME OF LATEST TRANSACTION
control field 20241126110517.0
008 - FIXED-LENGTH DATA ELEMENTS--GENERAL INFORMATION
fixed length control field 180119b xxu||||| |||| 00| 0 eng d
020 ## - INTERNATIONAL STANDARD BOOK NUMBER
International Standard Book Number 1852402636
040 ## - CATALOGING SOURCE
Transcribing agency gbc
082 ## - DEWEY DECIMAL CLASSIFICATION NUMBER
Classification number 262.1
Item number GOR
100 ## - MAIN ENTRY--PERSONAL NAME
Personal name Gordon, Bob
9 (RLIN) 5943
245 ## - TITLE STATEMENT
Title The Leader's Vision /
Statement of responsibility, etc. Bob Gordon with David Fardouly
260 ## - PUBLICATION, DISTRIBUTION, ETC.
Name of publisher, distributor, etc. Sovereign World,
Place of publication, distribution, etc. England:
Date of publication, distribution, etc. 1990
300 ## - PHYSICAL DESCRIPTION
Extent 128 P.;
Dimensions 21 cm.
440 ## - SERIES STATEMENT/ADDED ENTRY--TITLE
Title Master Builders Series
9 (RLIN) 7432
650 ## - SUBJECT ADDED ENTRY--TOPICAL TERM
Topical term or geographic name entry element Christian leadership
9 (RLIN) 1568
942 ## - ADDED ENTRY ELEMENTS (KOHA)
Source of classification or shelving scheme Dewey Decimal Classification
Koha item type Books
Koha issues (borrowed), all copies 1
Holdings
Withdrawn status Lost status Source of classification or shelving scheme Damaged status Not for loan Home library Current Library Shelving location Date acquired Total checkouts Full call number Barcode Date last seen Copy number Price effective from Koha item type Date last checked out
    Dewey Decimal Classification     GRACE BIBLE COLLEGE GRACE BIBLE COLLEGE Ministry & Mission 2018-01-19   262.1 GOR 009191 2025-05-01 c.1 2018-01-19 Books  
    Dewey Decimal Classification     GRACE BIBLE COLLEGE GRACE BIBLE COLLEGE Ministry & Mission 2018-01-19 1 262.1 GOR 009192 2025-05-01 c.2 2018-01-19 Books 2023-02-07
© Grace Bible College Library 2025